UBT Library

Women's experience of feminist therapy and counselling / (Record no. 41722)

000 -LEADER
fixed length control field 00805pam a2200241 a 4500
001 - CONTROL NUMBER
control field 4889812
005 - DATE AND TIME OF LATEST TRANSACTION
control field 20180205034154.0
008 - FIXED-LENGTH DATA ELEMENTS--GENERAL INFORMATION
fixed length control field 931015s1994 enk b 001 0 eng
010 ## - LIBRARY OF CONGRESS CONTROL NUMBER
LC control number 93040802
020 ## - INTERNATIONAL STANDARD BOOK NUMBER
International Standard Book Number 033519222X
020 ## - INTERNATIONAL STANDARD BOOK NUMBER
International Standard Book Number 0335192211 (pbk.)
040 ## - CATALOGING SOURCE
Original cataloging agency DLC
Transcribing agency DLC
Modifying agency DLC
041 ## - LANGUAGE CODE
Language code of text/sound track or separate title eng
080 ## - UNIVERSAL DECIMAL CLASSIFICATION NUMBER
Universal Decimal Classification number 616.8914 LEO
082 00 - DEWEY DECIMAL CLASSIFICATION NUMBER
Classification number 616.8914 LEO
Edition number 20
100 1# - Rafti
Rafti 50
101 ## - Shkurtesa
Shkurtesa SOC
245 10 - TITLE STATEMENT
Title Women's experience of feminist therapy and counselling /
Statement of responsibility, etc Eileen McLeod.
504 ## - BIBLIOGRAPHY, ETC. NOTE
Bibliography, etc Includes bibliographical references (p. 155-162) and index.
906 ## - LOCAL DATA ELEMENT F, LDF (RLIN)
a 7
b cbc
c orignew
d 1
e ocip
f 19
g y-gencatlg
942 ## - ADDED ENTRY ELEMENTS (KOHA)
Source of classification or shelving scheme
Item type Books
Holdings
Withdrawn status Lost status Source of classification or shelving scheme Damaged status Not for loan Collection code Permanent location Current location Shelving location Date acquired Total Checkouts Full call number Barcode Date last seen Price effective from Koha item type
          Koleksioni i përgjithshem UBT - Lipjan UBT - Lipjan Koleksioni i përgjithshem 02/05/2018   616.8914 LEO 002-2997107 02/05/2018 02/05/2018 Books
UBT Library © 2015-2024. All rights reserved University Education for Business and Technology